Detalles MARC
| 000 -CABECERA |
| campo de control de longitud fija |
01564nam a2200349 i 4500 |
| 001 - NÚMERO DE CONTROL |
| campo de control |
000036678 |
| 003 - IDENTIFICADOR DEL NÚMERO DE CONTROL |
| campo de control |
DO-SdBNP |
| 005 - FECHA Y HORA DE LA ÚLTIMA TRANSACCIÓN |
| campo de control |
20250924073803.0 |
| 007 - CAMPO FIJO DE DESCRIPCIÓN FÍSICA--INFORMACIÓN GENERAL |
| campo de control de longitud fija |
ta |
| 008 - DATOS DE LONGITUD FIJA--INFORMACIÓN GENERAL |
| campo de control de longitud fija |
120124s1982 dr 000 0 spa d |
| 040 ## - FUENTE DE LA CATALOGACIÓN |
| Centro catalogador/agencia de origen |
DO-SdBNP |
| Lengua de catalogación |
spa |
| Centro/agencia transcriptor |
BNPHU |
| Normas de descripción |
rda |
| 082 ## - NÚMERO DE LA CLASIFICACIÓN DECIMAL DEWEY |
| Número de clasificación |
780.97293 |
| Número de documento/Ítem |
J82md |
| Número de edición |
22 |
| 100 1# - ENTRADA PRINCIPAL--NOMBRE DE PERSONA |
| Nombre de persona |
Jorge, Bernarda. |
| Término indicativo de función/relación |
autor |
| 9 (RLIN) |
50580 |
| 245 13 - MENCIÓN DE TÍTULO |
| Título |
La música dominicana siglos XIX-XX / |
| Mención de responsabilidad, etc. |
Bernarda Jorge. |
| 260 ## - PUBLICACIÓN, DISTRIBUCIÓN, ETC. |
| Nombre del editor, distribuidor, etc. |
|
| 264 ## - PRODUCCIÓN, PUBLICACIÓN, DISTRIBUCIÓN, FABRICACIÓN Y COPYRIGHT |
| Producción, publicación, distribución, fabricación y copyright |
Santo Domingo : |
| Nombre del de productor, editor, distribuidor, fabricante |
UASD, |
| Fecha de producción, publicación, distribución, fabricación o copyright |
1982. |
| 300 ## - DESCRIPCIÓN FÍSICA |
| Extensión |
207 páginsa : |
| Otras características físicas |
ilustraciones ; |
| Dimensiones |
28 cm. |
| 336 ## - TIPO DE CONTENIDO |
| Término de tipo de contenido |
rdacontent |
| Código de tipo de contenido |
texto |
| Fuente |
txt |
| 337 ## - TIPO DE MEDIO |
| Nombre/término del tipo de medio |
rdamedia |
| Código del tipo de medio |
sin mediación |
| Fuente |
n |
| 338 ## - TIPO DE SOPORTE |
| Nombre/término del tipo de soporte |
rdacarrier |
| Código del tipo de soporte |
volumen |
| Fuente |
nc |
| 490 1# - MENCIÓN DE SERIE |
| Mención de serie |
Publicaciones de la Universidad Autónoma de Santo Domingo ; |
| Designación de volumen o secuencia |
306 |
| 490 1# - MENCIÓN DE SERIE |
| Mención de serie |
Arte y Sociedad |
| 500 ## - NOTA GENERAL |
| Nota general |
Textos a dos columnas |
| 504 ## - NOTA DE BIBLIOGRAFÍA, ETC. |
| Nota de bibliografía, etc. |
Bibliografía : p. 195 -201 |
| 505 ## - NOTA DE CONTENIDO CON FORMATO |
| Nota de contenido con formato |
La música en España en el siglo XVI 19|La música de los taínos 21|La música en los primeros siglos de la Colonia 27|Bailes y danzas 39|Actividad musical 59|Compositores, estilos y obras 93|Música popular tradicional 111|Actividad musical en los inicios del siglo 143|Creación (1900-1940) 169|Cambios a partir de la década de los 40 195|Evolución de la música "popular" hasta 1959 219|Tendencias estéticas a partir de 1960 227 |
| 590 ## - NOTA LOCAL (RLIN) |
| Nota local |
Inventariado, 2024/DG |
| 650 #4 - PUNTO DE ACCESO ADICIONAL DE MATERIA--TÉRMINO DE MATERIA |
| Término de materia o nombre geográfico como elemento de entrada |
Música dominicana |
| Subdivisión general |
Historia y crítica |
| Subdivisión cronológica |
Siglo XIX |
| 9 (RLIN) |
79784 |
| 830 ## - PUNTO DE ACCESO ADICIONAL DE SERIE-TÍTULO UNIFORME |
| Título uniforme |
Publicaciones de la Universidad Autónoma de Santo Domingo |
| Designación de volumen o secuencia |
306 |
| 9 (RLIN) |
52 |
| 830 #0 - PUNTO DE ACCESO ADICIONAL DE SERIE-TÍTULO UNIFORME |
| Título uniforme |
Arte y Sociedad |
| 9 (RLIN) |
24375 |
| 910 ## - DATOS DE OPCIÓN DEL USUARIO (OCLC) |
| Datos de opción del usuario |
DG |
| 942 ## - ELEMENTOS DE PUNTO DE ACCESO ADICIONAL (KOHA) |
| Fuente del sistema de clasificación o colocación |
Dewey Decimal Classification |
| Tipo de ítem Koha |
Libro |